000
00289nam a2200121Ia 4500
008
190216s9999||||xx |||||||||||||| ||und||
100
_a
Null
245
0
_a
Enviromental Pollution Analysis
260
_b
New Age International Publishers
300
_a
190
650
_a
Chemistry
942
_c
BK
999
_c
3363
_d
3363